000 00374nam a2200157Ia 4500
003 Ost
005 20260225132554.0
008 260225s9999||||xx |||||||||||||| ||und||
040 _cfsic
041 _afre
082 _a440
100 _aMathien michel
_eAuteur
245 0 _aLes Journalistes histoire, pratiques et enjeux /
245 0 _cMathien michel
942 _cكتاب
999 _c34361
_d34361